| 000 | 00447nmm a2200169Ia 4500 | ||
|---|---|---|---|
| 008 | 251105s9999||||xx |||||||||||||||||und|| | ||
| 020 | _a9788468722726 | ||
| 041 | _apor | ||
| 100 | _aMaynard, Janice | ||
| 245 | 0 | _aTerreno privado | |
| 264 |
_a[Madrid, España] : _bHarlequin, _c2012 |
||
| 300 | _a160 páginas | ||
| 490 | _a'El castillo Wolf' | ||
| 650 | _aRomance | ||
| 856 | _uhttps://public.digitaliapublishing.com/a/50297 | ||
| 942 | _cCF | ||
| 999 |
_c83931 _d83931 |
||